Hitler's pre-war policy and military plans 1933-1939 (Record no. 410972)

000 -LEADER
fixed length control field 00499cam a22001457a 4500
008 - FIXED-LENGTH DATA ELEMENTS--GENERAL INFORMATION
fixed length control field 180718b1963 xxu||||| |||| 00| 0 eng d
082 ## - DEWEY DECIMAL CLASSIFICATION NUMBER
Classification number A6x43 R545
100 ## - MAIN ENTRY--PERSONAL NAME
Personal name Robertson, E.M.
245 ## - TITLE STATEMENT
Title Hitler's pre-war policy and military plans 1933-1939
Statement of responsibility, etc. by E.M. Robertson
260 ## - PUBLICATION, DISTRIBUTION, ETC.
Place of publication, distribution, etc. London
Name of publisher, distributor, etc. Longmans
Date of publication, distribution, etc. 1963
300 ## - PHYSICAL DESCRIPTION
Extent xiii, 207p
650 ## - SUBJECT ADDED ENTRY--TOPICAL TERM
Topical term or geographic name entry element Germany -Military policy. [from old catalog].
650 ## - SUBJECT ADDED ENTRY--TOPICAL TERM
Topical term or geographic name entry element Germany -Foreign relations -1933-1945. [from old catalog]
650 ## - SUBJECT ADDED ENTRY--TOPICAL TERM
Topical term or geographic name entry element Hitler, Adolf, 1889-1945
Holdings
Withdrawn status Lost status Damaged status Not for loan Permanent Location Current Location Date acquired Full call number Barcode Date last seen Price effective from Koha item type
        Indian Institute of Public Administration Indian Institute of Public Administration 2009-01-23 A6x43 R545 34377 2018-07-21 2018-07-21 Book

Powered by Koha